Discrete event system simulation

Salvato in:
Dettagli Bibliografici
Autori principali: Banks, Jerry (Autore), Carson, John S (Autore)
Natura: Libro
Lingua:inglese
Pubblicazione: Englewood Cliffs Prentice-Hall 1984
Serie:Prentice-Hall International Series in Industrial and Systems Engineering
Soggetti:
Tags: Aggiungi Tag
Nessun Tag, puoi essere il primo ad aggiungerne!!

MARC

LEADER 00000nam a2200000 a 4500
001 UCU3035
003 CL-VaPUC
008 960502e19840000us |||||||||||||||||eng|d
082 0 4 |a 003.83  |b BAN  |2 21 
100 0 |a Banks, Jerry  |e author  |9 359707 
700 0 |a Carson, John S  |e author  |9 359708 
245 1 0 |a Discrete event system simulation 
300 |a 514 p 
942 |c BK 
945 |d 19960502 00:00:00  |a cmena 
260 |a Englewood Cliffs  |b Prentice-Hall  |c 1984 
650 0 |a Modelos matemáticos   |9 259437 
650 7 |a SIMULACION ANALOGICA  |2 CL-VaPUC  |9 359709 
650 0 |a Simulación por computador  |9 260988 
650 7 |a METODOS DE SIMULACION  |2 CL-VaPUC  |9 260497 
650 7 |a PROCESO DE DATOS  |2 CL-VaPUC  |9 343039 
650 0 |a Teoría de probabilidades   |9 336944 
650 0 |a Aplicaciones de computadores  |9 260401 
650 0 |a Investigación operativa  |9 259383 
650 7 |a SISTEMAS DE TIEMPO DISCRETO  |2 CL-VaPUC  |9 350698 
583 |a last modification  |c 20150423 05:41:36  |k Rodrigo Vera 
490 0 |a Prentice-Hall International Series in Industrial and Systems Engineering 
999 |c 247171  |d 247169 
952 |0 0  |1 0  |4 0  |6 003_830000000000000_BAN_1984  |7 0  |8 P  |9 262832  |a BIBING  |b BIBING  |d 2019-11-19  |i 3315428  |o 003.83 BAN 1984  |p 3315428  |r 2023-03-02  |w 2019-11-19  |y BK  |k EII